[Event "Karvina op"]
[Site "Karvina"]
[Date "2015.06.27"]
[Round "1"]
[White "Stetz, Jan"]
[Black "Maroszczyk, Wieslaw"]
[Result "0-1"]
[WhiteElo "1633"]
[BlackElo "1961"]
[PlyCount "120"]
[EventDate "2015.06.27"]
[EventType "swiss"]
[EventRounds "9"]
[EventCountry "CZE"]
[SourceTitle "CBM 167 Extra"]
[Source "ChessBase"]
[SourceDate "2015.09.14"]
[SourceVersion "1"]
[SourceVersionDate "2015.09.14"]
[SourceQuality "1"]

1. d4 d5 2. Nf3 Nf6 3. Nc3 e6 4. b3 Bb4 5. Bb2 Ne4 6. Qd3 b6 7. Qb5+ Nc6 8. Nd2 Nxd2 9. Kxd2 Bd7 10. a3 Bxc3+ 11. Bxc3 Nxd4 12. Qd3 Nb5 13. Bb2 Nd6 14. f3 0-0 15. h4 c5 16. g4 Bb5 17. Qe3 d4 18. Qf2 e5 19. Bg2 c4 20. Ke1 c3 21. Bc1 Bc6 22. Rh2 Rc8 23. h5 f6 24. Qh4 h6 25. a4 Re8 26. Kf1 e4 27. Ba3 exf3 28. exf3 Nf7 29. Rd1 Ng5 30. Qf2 Re3 31. Rd3 Rxd3 32. cxd3 Qd5 33. f4 Qxb3 34. Bxc6 Rxc6 35. fxg5 Qxa3 36. Qe1 Qf8 37. g6 c2 38. Qc1 Qa3 39. Qxa3 c1Q+ 40. Qxc1 Rxc1+ 41. Kg2 Rc2+ 42. Kg3 Rxh2 43. Kxh2 a6 44. Kg3 b5 45. axb5 axb5 46. Kf3 b4 47. Ke2 Kf8 48. Kd2 Ke7 49. Kc2 Kd6 50. Kb3 Ke5 51. Kxb4 Kf4 52. Kb3 Kxg4 53. Kc4 f5 54. Kxd4 f4 55. Ke5 f3 56. Ke6 f2 57. Kf7 Kxh5 58. Kxg7 f1Q 59. Kh7 Qxd3 60. Kh8 Kxg6 0-1

[Event "Orlova op-A 12th"]
[Site "Orlova"]
[Date "2015.05.30"]
[Round "7"]
[White "Maroszczyk, Wieslaw"]
[Black "Kusak, Lubomir"]
[Result "1-0"]
[WhiteElo "1961"]
[BlackElo "1690"]
[PlyCount "101"]
[EventDate "2015.05.24"]
[EventType "swiss"]
[EventRounds "9"]
[EventCountry "CZE"]
[SourceTitle "CBM 166 Extra"]
[Source "ChessBase"]
[SourceDate "2015.06.18"]
[SourceVersion "1"]
[SourceVersionDate "2015.06.18"]
[SourceQuality "1"]

1. d4 c5 2. d5 f5 3. g3 d6 4. Bg2 b5 5. Nf3 h6 6. Nh4 Nf6 7. Ng6 Rg8 8. 0-0 Kf7 9. Nf4 a6 10. a4 b4 11. Nd2 Ra7 12. e4 g5 13. Ne6 Bxe6 14. dxe6+ Kxe6 15. exf5+ Kf7 16. Ne4 Nbd7 17. Nxf6 Nxf6 18. Bd5+ Nxd5 19. Qxd5+ Kg7 20. h4 gxh4 21. Bxh6+ Kxh6 22. Qxg8 Qe8 23. Qh8+ Kg5 24. Qxh4+ Kxf5 25. Rae1 e5 26. Qe4+ Ke6 27. Qg4+ Kd5 28. Rd1+ Kc6 29. Qe4+ Kb6 30. b3 Rd7 31. a5+ Kc7 32. Kg2 Bg7 33. f4 Qg8 34. f5 d5 35. Qe2 d4 36. Qe4 Bf6 37. Rh1 Rg7 38. Rh3 Rg4 39. Qe2 Kb7 40. Qc4 Qxc4 41. bxc4 e4 42. Rh6 Be5 43. Rg6 Rxg6 44. fxg6 Kc7 45. Re1 e3 46. Kf3 Kd7 47. Ke2 Ke6 48. Rf1 Bf6 49. g4 Be5 50. Rf5 Kd6 51. Rxe5 1-0